Statistiques concernant Football - Equipe ayant dominé le championnat de D1 de 2000 à 2009

Cliquez ici pour prendre le quiz!

Statistiques générales

  • Ce quiz a été pris 168 fois
  • Le résultat moyen est 9 sur 10

Statistiques - réponses

Réponse% Correct
Olympique Lyonnais
100%
O.Marseille
100%
Paris Saint-Germain
99%
FC Girondins de Bordeaux
96%
Lille OSC
94%
Stade Rennais
93%
AS Monaco
89%
FC nantes
87%
RC Lens
86%
AJ Auxerre
72%

Distribution des résultats

Percentile par nombre de réponses

% des personnes avec chaque résultat

Votre développement - résultats

Vous n’avez pas pris ce quiz